000 00914nam a2200253 i 4500
001 44215
003 ES-MaACL
005 20250710130405.0
007 t|
008 030320n1931 sp ||||1| spa d
245 0 0 _aCien desnudos femeninos
_b: museos y colecciones particulares de Madrid.
260 _aMadrid :
_bEditorial Ibero-Africano-Americana,
_c[ca. 1931]
300 _a1 v. :
_b[1] p., [51] h. de lám. ;
_c25 cm.
490 1 _aArte
505 8 _aContiene: v. 1
530 _aDisponible en formato digital.
596 _aFecha aproximada, basada en sello de ingreso.
650 4 _aDesnudo-
_xEn el arte.
_911837
830 0 _aArte
_9178358
852 _aES-MaACL
_jB-13572
_cSPB
856 4 _uhttps://ccpbe.cultura.gob.es/CCPBOPAC/cgi-ccpbopac/abnetop?ACC=DOSEARCH&xsqf99=CCPB000607274-7
_yBiblioteca Virtual del Patrimonio Bibliográfico
942 _2udc
999 _c44215
_d44215